000 00551nam a22002177a 4500
003 UA-OsUOA
001 117844
007 ta
008 20160621b un ||||| |||| 00| 0 ukr d
100 _aБойко В.
090 _a94(477)
_bБ77
942 _cSA
040 _aUA-OsUOA
_bukr
_cUA-OsUOA
_dUA-OsUOA
245 _a... Ще раз про Волинську трагедію
300 _aС.5
955 _a0
041 _aukr
080 _a94(477)
773 0 _w117843
650 7 _a9 Географія. Біографії. Історія
_2UDC
999 _c403892
_d403892